MARC details
| 000 -LEADER |
| fixed length control field |
01203cab a2200229 4500 |
| 001 - CONTROL NUMBER |
| control field |
ABS37789 |
| 008 - FIXED-LENGTH DATA ELEMENTS--GENERAL INFORMATION |
| fixed length control field |
090401t1987 xxu||||| |||| 00| 0 eng d |
| 035 ## - SYSTEM CONTROL NUMBER |
| System control number |
(Sirsi) u6758 |
| 041 ## - LANGUAGE CODE |
| Language code of text/sound track or separate title |
eng |
| 245 ## - TITLE STATEMENT |
| Title |
Roofing |
| 260 ## - PUBLICATION, DISTRIBUTION, ETC. |
| Date of publication, distribution, etc. |
1987 |
| 350 ## - PRICE (NR) (BK AM CF MU VM SE) [OBSOLETE] |
| Price |
0 |
| 490 ## - SERIES STATEMENT |
| Series statement |
Building |
| Volume/sequential designation |
Supplement 29 May 1987, (66) |
| 520 ## - SUMMARY, ETC. |
| Summary, etc. |
Starts with an examination of the causes of warm deck lead roof failures in churches; reports on the development of computerised roof design and layout packages and compares natural slate / clay tiles and man-made materials. Looks at how modern technology can provide roofs which wear well, while maintaining traditional good looks; describes how pvc can remedy problems caused by flat roofs. Traces the evolution of rooflight domes, advising on installation; describes the construction of the glass roof over Edinburgh`s new Waverley Market Centre. Looks at common roof design problems and solutions and current BRE research on snow and wind loads on industrial buildings.(Loan) |
| 650 ## - SUBJECT ADDED ENTRY--TOPICAL TERM |
| Topical term or geographic name entry element |
BUILDING DEFECTS |
| 650 ## - SUBJECT ADDED ENTRY--TOPICAL TERM |
| Topical term or geographic name entry element |
GLASS |
| 650 ## - SUBJECT ADDED ENTRY--TOPICAL TERM |
| Topical term or geographic name entry element |
SNOW LOADS |
| 650 ## - SUBJECT ADDED ENTRY--TOPICAL TERM |
| Topical term or geographic name entry element |
TIMBER ROOFING |
| 690 ## - LOCAL SUBJECT ADDED ENTRY--TOPICAL TERM (OCLC, RLIN) |
| Topical term or geographic name as entry element |
BUILT ENVIRONMENT-CONSTRUCTION DESIGN |
| 942 ## - ADDED ENTRY ELEMENTS (KOHA) |
| Suppress in OPAC |
0 |
| 948 ## - LOCAL PROCESSING INFORMATION (OCLC); SERIES PART DESIGNATOR (RLIN) |
| c (OCLC) |
04/03/1997 |